000 01504aam a2200301 i 4500
001 13742
003 CO-MdFUSB
005 20211016113403.0
008 160823t2002 sp ||||| |||| 00| 0 eng d
020 _a84-206-4139-1
040 _cCO-MdFUSB
_bspa.
_aCO-MdFUSB
_dCO-MdFUSBC
_erda
041 _aspa
082 0 4 _aR 301 G4532s
100 1 _aGiddens, Anthony
245 1 0 _aSociología / Anthony Giddens, Karen Birdsall ; Jesús Cuellar Menezo, Traductor
_c/
250 _a4
260 _aMadrid, España : Alianza,
_c2004
264 1 _aMadrid, España :
_bAlianza Editorial,
_c[2004]
264 1 _c© 2004
300 _a944 Pág.
_c;
336 _2rdacontent
_atexto
_btxt
337 _2rdamedia
_asin mediación
_bn
338 _2rdacarrier
_avolumen
_bnc
505 _a- ¿Qué es la sociología? - Cultura y sociedad - Un mundo en cambio: dimensiones de la globalización - Interacción social y vida cotidiana - Género y sexualidad: homosexualidad, prostitución - Sociología del cuerpo - Familias - Delito y desviación - Raza, etnicidad y emigración - Clase, estratificación y desigualdad - Las organizaciones modernas - El trabajo y la vida económica - El gobierno y la política - Las comunicaciones y los medios de masa - La educación - La religión - Ciudades y espacios urbanos - Crecimiento demográfico y crisis ecológica - Métodos de investigación sociológica - El pensamiento teórico en sociología
653 _aSociología
942 _cBK
945 _aEstudiante
999 _c42687
_d42687